[Event "Alta CC-ch"]
[Site "Alta"]
[Date "2015.02.25"]
[Round "6"]
[White "Tangen, Raymond"]
[Black "Pedersen, Birger"]
[Result "1/2-1/2"]
[WhiteElo "1374"]
[BlackElo "1176"]
[PlyCount "42"]
[EventDate "2015.01.14"]
[EventType "swiss"]
[EventRounds "10"]
[EventCountry "NOR"]
[SourceTitle "EXT 2017"]
[Source "ChessBase"]
[SourceDate "2016.10.25"]
[SourceVersion "1"]
[SourceVersionDate "2016.10.25"]
[SourceQuality "1"]

1. e4 c5 2. Nf3 d6 3. c3 Nf6 4. Be2 Nxe4 5. Qa4+ Nc6 6. Qxe4 g6 7. 0-0 Bg7 8. Bb5 Bd7 9. Re1 0-0 10. Bxc6 Bxc6 11. Qxe7 Qb6 12. Qxd6 Rad8 13. Qg3 Rfe8 14. Na3 Bxf3 15. Rxe8+ Rxe8 16. gxf3 Be5 17. f4 Bb8 18. Nc4 Re1+ 19. Kg2 Qc6+ 20. Qf3 Rg1+ 21. Kxg1 Qxf3 1/2-1/2

[Event "Alta CC-ch"]
[Site "Alta"]
[Date "2015.01.14"]
[Round "1"]
[White "Luostarinen, Asmo"]
[Black "Pedersen, Birger"]
[Result "1-0"]
[WhiteElo "1186"]
[BlackElo "1176"]
[PlyCount "67"]
[EventDate "2015.01.14"]
[EventType "swiss"]
[EventRounds "10"]
[EventCountry "NOR"]
[SourceTitle "EXT 2017"]
[Source "ChessBase"]
[SourceDate "2016.10.25"]
[SourceVersion "1"]
[SourceVersionDate "2016.10.25"]
[SourceQuality "1"]

1. d4 d5 2. c4 dxc4 3. Nc3 c6 4. Nf3 e6 5. e3 b5 6. Be2 Bb4 7. 0-0 Bxc3 8. bxc3 Nf6 9. Ne5 Ne4 10. Qc2 Nd6 11. a4 Bb7 12. e4 0-0 13. Be3 a5 14. f4 f6 15. Nf3 Qe8 16. Nd2 f5 17. Bf3 Qg6 18. e5 Nc8 19. axb5 Ra7 20. bxc6 Bxc6 21. Bxc6 Nxc6 22. d5 exd5 23. Bxa7 N8xa7 24. Nf3 h6 25. Qd2 Qe6 26. Rfb1 Qd7 27. Nd4 Nxd4 28. cxd4 Nc6 29. Rb6 Rc8 30. Qc3 Qa7 31. Rab1 Nb4 32. Rd6 Kf7 33. e6+ Ke7 34. Rd7+ 1-0

[Event "Alta ASK CC-ch"]
[Site "Alta"]
[Date "2009.01.20"]
[Round "1"]
[White "Pedersen, Birger"]
[Black "Brasoy, Aksel"]
[Result "0-1"]
[WhiteElo "1142"]
[BlackElo "1936"]
[PlyCount "62"]
[EventDate "2009.01.20"]
[EventType "swiss"]
[EventRounds "10"]
[EventCountry "NOR"]
[SourceTitle "EXT 2011"]
[Source "ChessBase"]
[SourceDate "2010.11.26"]
[SourceVersion "1"]
[SourceVersionDate "2010.11.26"]
[SourceQuality "1"]

1. e4 c5 2. b4 cxb4 3. d4 d5 4. Bd2 dxe4 5. Bxb4 Nc6 6. Bb5 a6 7. Bxc6+ bxc6 8. c4 Rb8 9. Qd2 Nf6 10. Ne2 g6 11. Ba5 Qd6 12. c5 Qd7 13. Nbc3 Bg7 14. Na4 0-0 15. Nb6 Qf5 16. Ng3 Qg4 17. h3 Qh4 18. Ne2 Bh6 19. Qc3 e3 20. Nxc8 exf2+ 21. Kf1 Rfxc8 22. Bb6 Nd5 23. Qg3 Qf6 24. Qf3 Nxb6 25. cxb6 Rxb6 26. Kxf2 c5 27. dxc5 Rxc5 28. Ke1 Qxa1+ 29. Kf2 Qxh1 30. Qa8+ Kg7 31. Ng3 Rf5+ 0-1

[Event "Alta ASK CC-ch"]
[Site "Alta"]
[Date "2007.02.20"]
[Round "4"]
[White "Nilsen, Nils Henrik"]
[Black "Pedersen, Birger"]
[Result "0-1"]
[WhiteElo "1369"]
[BlackElo "1198"]
[PlyCount "66"]
[EventDate "2007.01.16"]
[EventType "swiss"]
[EventRounds "10"]
[EventCountry "NOR"]
[SourceTitle "EXT 2008"]
[Source "ChessBase"]
[SourceDate "2007.11.25"]
[SourceVersion "1"]
[SourceVersionDate "2007.11.25"]
[SourceQuality "1"]

1. d4 Nf6 2. f4 g6 3. Nf3 Bg7 4. e3 d5 5. Bd3 Nc6 6. a3 Bg4 7. Nbd2 Qd7 8. 0-0 Nh5 9. Qe1 a6 10. c4 Be6 11. b3 dxc4 12. bxc4 Nxd4 13. Nxd4 Bxd4 14. Rb1 Bc3 15. Be2 Rd8 16. Bxh5 gxh5 17. Rf2 b6 18. Rb3 Ba5 19. Qe2 Bg4 20. Qf1 Rg8 21. Nf3 Qa4 22. Rd3 Rg6 23. Rxd8+ Kxd8 24. Ne5 Rf6 25. Qd3+ Kc8 26. Qe4 Kb8 27. Nxg4 hxg4 28. Qxe7 Rd6 29. g3 Rd1+ 30. Kg2 Qc6+ 31. e4 Rxc1 32. Re2 Qxc4 33. Qe8+ Ka7 0-1

[Event "Alta ASK op"]
[Site "Alta"]
[Date "2006.11.07"]
[Round "10"]
[White "Pedersen, Birger"]
[Black "Rist, Karl Johan"]
[Result "0-1"]
[WhiteElo "1248"]
[BlackElo "1256"]
[PlyCount "44"]
[EventDate "2006.09.05"]
[EventType "swiss"]
[EventRounds "10"]
[EventCountry "NOR"]
[SourceTitle "EXT 2008"]
[Source "ChessBase"]
[SourceDate "2007.11.25"]
[SourceVersion "1"]
[SourceVersionDate "2007.11.25"]
[SourceQuality "1"]

1. d4 d5 2. c4 e6 3. Nc3 Nf6 4. Bg5 Be7 5. Nf3 Nbd7 6. e3 0-0 7. Bd3 dxc4 8. Bxc4 b6 9. 0-0 Bb7 10. Re1 Re8 11. e4 h6 12. Bf4 Nf8 13. d5 Ng6 14. Bg3 Bb4 15. dxe6 fxe6 16. Qb3 Qe7 17. Nd4 Bxc3 18. bxc3 Nf8 19. f3 c5 20. Ne2 Ng6 21. a4 Nh5 22. Bf2 Nhf4 0-1

[Event "Kalotturneringen"]
[Site "Hammerfest"]
[Date "2006.09.23"]
[Round "4"]
[White "Paulsen, Tor Arne"]
[Black "Pedersen, Birger"]
[Result "1-0"]
[WhiteElo "1873"]
[BlackElo "1248"]
[PlyCount "55"]
[EventDate "2006.09.22"]
[EventType "swiss"]
[EventRounds "7"]
[EventCountry "NOR"]
[SourceTitle "EXT 2007"]
[Source "ChessBase"]
[SourceDate "2006.11.23"]
[SourceVersion "1"]
[SourceVersionDate "2006.11.23"]
[SourceQuality "1"]

1. d4 Nf6 2. c4 e6 3. Nf3 g6 4. Bg5 Be7 5. Nc3 b6 6. e3 Bb7 7. Bd3 d6 8. b4 Nbd7 9. Rb1 0-0 10. 0-0 Re8 11. Nd2 Kg7 12. f4 Ng8 13. Bxe7 Nxe7 14. e4 e5 15. Ne2 Nc6 16. fxe5 dxe5 17. d5 Ne7 18. Ng3 Ng8 19. Qf3 Ndf6 20. c5 Bc8 21. h3 a5 22. a3 axb4 23. axb4 bxc5 24. bxc5 Qe7 25. Qe3 Ba6 26. Bxa6 Rxa6 27. Rb7 Qd7 28. Nc4 1-0

[Event "Alta ASK CC-ch"]
[Site "Alta"]
[Date "2006.01.17"]
[Round "1"]
[White "Arild, Steinar"]
[Black "Pedersen, Birger"]
[Result "1/2-1/2"]
[WhiteElo "1176"]
[BlackElo "1245"]
[PlyCount "91"]
[EventDate "2006.01.17"]
[EventType "swiss"]
[EventRounds "10"]
[EventCountry "NOR"]
[SourceTitle "EXT 2008"]
[Source "ChessBase"]
[SourceDate "2007.11.25"]
[SourceVersion "1"]
[SourceVersionDate "2007.11.25"]
[SourceQuality "1"]

1. e4 e5 2. Nf3 Nc6 3. Bc4 d6 4. h3 Be6 5. Bxe6 fxe6 6. d3 h6 7. Nc3 a6 8. a3 Qf6 9. Be3 g5 10. g4 Bg7 11. Qe2 Nge7 12. h4 Rf8 13. Rh3 Nd4 14. Bxd4 exd4 15. hxg5 hxg5 16. e5 dxe5 17. Ne4 Qg6 18. Nfxg5 Nd5 19. Rg3 0-0-0 20. Qd2 Bh6 21. Rh3 Rg8 22. Rxh6 Qxh6 23. 0-0-0 Rg6 24. Kb1 Rdg8 25. Nf3 Qxd2 26. Rxd2 Rxg4 27. Nxe5 Rg1+ 28. Ka2 Rc1 29. Nf3 e5 30. Nxe5 Rgg1 31. Nf3 Ra1+ 32. Kb3 Rg6 33. Kc4 Nb6+ 34. Kxd4 Rb1 35. b3 Nd7 36. Re2 b5 37. Nc3 c5+ 38. Ke3 Re6+ 39. Kd2 Rxe2+ 40. Kxe2 Ra1 41. a4 bxa4 42. Nxa4 Kc7 43. Ng5 Rg1 44. Ne4 Kc6 45. f4 Rc1 46. Kd2 1/2-1/2

[Event "Alta Hostturnering"]
[Site "Alta"]
[Date "2005.10.25"]
[Round "8"]
[White "Romsdal, Jorn"]
[Black "Pedersen, Birger"]
[Result "1-0"]
[WhiteElo "1286"]
[BlackElo "1245"]
[PlyCount "82"]
[EventDate "2005.09.06"]
[EventType "swiss"]
[EventRounds "10"]
[EventCountry "NOR"]
[SourceTitle "EXT 2009"]
[Source "ChessBase"]
[SourceDate "2008.11.26"]
[SourceVersion "1"]
[SourceVersionDate "2008.11.26"]
[SourceQuality "1"]

1. d4 Nf6 2. c4 e6 3. Nf3 Ne4 4. Qc2 Bb4+ 5. Nbd2 Ng5 6. Nxg5 Qxg5 7. a3 Bxd2+ 8. Bxd2 Qf5 9. Qxf5 exf5 10. g3 Nc6 11. Bc3 0-0 12. Bg2 Nd8 13. 0-0 Rb8 14. d5 d6 15. b4 f6 16. Bd4 b6 17. c5 Nf7 18. Rfc1 Re8 19. e3 Ne5 20. cxd6 cxd6 21. Rc7 Rb7 22. Rac1 Rxc7 23. Rxc7 Ba6 24. Rxa7 Bd3 25. Bxb6 Rc8 26. Rc7 Ra8 27. Ba7 Nc4 28. a4 g5 29. a5 Na3 30. Bb6 Nc4 31. Rc6 Ne5 32. Rxd6 Rc8 33. Rd8+ Rxd8 34. Bxd8 Kf8 35. Bxf6 Nd7 36. Bxg5 Ke8 37. d6 Ne5 38. Bf4 Ng6 39. Bc6+ Kd8 40. Bg5+ Kc8 41. d7+ Kb8 1-0

[Event "Karasjok op1"]
[Site "Karasjok"]
[Date "2004.10.16"]
[Round "2"]
[White "Esbensen, Hans Fredrik"]
[Black "Pedersen, Birger"]
[Result "1-0"]
[WhiteElo "1392"]
[BlackElo "1245"]
[PlyCount "73"]
[EventDate "2004.10.15"]
[EventType "swiss"]
[EventRounds "5"]
[EventCountry "NOR"]
[SourceTitle "EXT 2008"]
[Source "ChessBase"]
[SourceDate "2007.11.25"]
[SourceVersion "1"]
[SourceVersionDate "2007.11.25"]
[SourceQuality "1"]

1. Nf3 b6 2. e3 Bb7 3. d4 g6 4. c4 Bg7 5. Nc3 Nf6 6. Be2 0-0 7. 0-0 Re8 8. Qc2 Nc6 9. a3 e6 10. e4 e5 11. d5 Nd4 12. Nxd4 exd4 13. Nb5 Nxe4 14. Bf3 Nd6 15. Nxd6 cxd6 16. Bf4 Be5 17. Qd2 Qf6 18. Bg5 Qh8 19. Bg4 Rac8 20. Bxd7 h6 21. Bf4 Rxc4 22. Bxe8 Bxd5 23. Bb5 Rc5 24. Bd3 Qf6 25. Bxh6 Qh4 26. h3 Be6 27. Bg5 Qh7 28. f4 Bg7 29. Rae1 a5 30. Rxe6 fxe6 31. Qe2 e5 32. f5 Bf8 33. fxg6 Qg7 34. Rf7 Qh8 35. Rxf8+ Kxf8 36. Qf3+ Ke8 37. Qf7# 1-0

[Event "Karasjok op1"]
[Site "Karasjok"]
[Date "2004.10.16"]
[Round "3"]
[White "Pedersen, Birger"]
[Black "Nergaard, Amund"]
[Result "1-0"]
[WhiteElo "1245"]
[BlackElo "1190"]
[PlyCount "45"]
[EventDate "2004.10.15"]
[EventType "swiss"]
[EventRounds "5"]
[EventCountry "NOR"]
[SourceTitle "EXT 2008"]
[Source "ChessBase"]
[SourceDate "2007.11.25"]
[SourceVersion "1"]
[SourceVersionDate "2007.11.25"]
[SourceQuality "1"]

1. d4 Nf6 2. g3 g6 3. Bg2 Bg7 4. Nf3 d6 5. Be3 0-0 6. Nc3 e5 7. dxe5 dxe5 8. Nxe5 Qxd1+ 9. Rxd1 Re8 10. Nd3 Ng4 11. Bd2 c6 12. 0-0 Bf5 13. e4 Bxc3 14. Bxc3 Be6 15. h3 Nh6 16. Nc5 Bc4 17. Rfe1 b6 18. Nd3 Nd7 19. Nb4 Rac8 20. Rxd7 a5 21. Nd3 Rcd8 22. Ne5 Bb5 23. Red1 1-0

[Event "Alta Hostturnering"]
[Site "Alta"]
[Date "2004.09.28"]
[Round "4"]
[White "Pedersen, Birger"]
[Black "Isaksen, Eirik Nymo"]
[Result "1-0"]
[WhiteElo "1245"]
[BlackElo "1038"]
[PlyCount "57"]
[EventDate "2004.09.07"]
[EventType "swiss"]
[EventRounds "10"]
[EventCountry "NOR"]
[SourceTitle "EXT 2009"]
[Source "ChessBase"]
[SourceDate "2008.11.26"]
[SourceVersion "1"]
[SourceVersionDate "2008.11.26"]
[SourceQuality "1"]

1. e4 e5 2. Nf3 Nc6 3. Bb5 d6 4. Nc3 Bd7 5. Bc4 Nf6 6. Ng5 d5 7. Nxd5 Nxd5 8. Nxf7 Qh4 9. Bxd5 Bg4 10. g3 Qh5 11. Nxh8 g6 12. Qxg4 Qxg4 13. c3 Bc5 14. Nf7 Ne7 15. Nxe5 Qh3 16. Bf7+ Kd8 17. d4 Qg2 18. Rf1 Qxe4+ 19. Be3 Bd6 20. 0-0-0 Nf5 21. Bg5+ Ne7 22. Bb3 Ke8 23. Rfe1 Qg2 24. Ng4 h5 25. Nf6+ Kd8 26. Ng8 Kd7 27. Nxe7 Bxe7 28. Rxe7+ Kd6 29. Rde1 1-0

[Event "Alta Hostturnering"]
[Site "Alta"]
[Date "2004.09.14"]
[Round "2"]
[White "Pedersen, Birger"]
[Black "Mikalsen, Erlend"]
[Result "1-0"]
[WhiteElo "1245"]
[BlackElo "949"]
[PlyCount "67"]
[EventDate "2004.09.07"]
[EventType "swiss"]
[EventRounds "10"]
[EventCountry "NOR"]
[SourceTitle "EXT 2009"]
[Source "ChessBase"]
[SourceDate "2008.11.26"]
[SourceVersion "1"]
[SourceVersionDate "2008.11.26"]
[SourceQuality "1"]

1. e4 e5 2. Nf3 Nc6 3. Bb5 a6 4. Bxc6 dxc6 5. 0-0 Bd6 6. d4 Bg4 7. dxe5 Bxf3 8. Qxf3 Bxe5 9. c3 Qh4 10. g3 Qh3 11. Qg2 Qxg2+ 12. Kxg2 Nf6 13. f4 0-0 14. fxe5 Nxe4 15. Bf4 Rad8 16. Na3 Nc5 17. Rad1 Nd3 18. b3 Nxf4+ 19. gxf4 b5 20. Nc2 Rd5 21. Ne3 Rxd1 22. Rxd1 Re8 23. Ng4 h5 24. Nf2 f6 25. Nd3 Rd8 26. Kf3 fxe5 27. fxe5 c5 28. Ke4 c4 29. bxc4 bxc4 30. Nb2 Rf8 31. Nxc4 Rf2 32. Rd2 Rxd2 33. Nxd2 Kf7 34. Nf3 1-0

[Event "Barents Region-chC"]
[Site "Arta"]
[Date "2004.06.19"]
[Round "3"]
[White "Knutsen, Paal Egil"]
[Black "Pedersen, Birger"]
[Result "1-0"]
[WhiteElo "1194"]
[BlackElo "1245"]
[PlyCount "111"]
[EventDate "2004.06.18"]
[EventType "swiss"]
[EventRounds "6"]
[EventCountry "NOR"]
[SourceTitle "EXT 2007"]
[Source "ChessBase"]
[SourceDate "2006.11.23"]
[SourceVersion "1"]
[SourceVersionDate "2006.11.23"]
[SourceQuality "1"]

1. Nf3 f5 2. b3 Nf6 3. Bb2 d6 4. d4 b6 5. g3 Bb7 6. Bg2 c5 7. 0-0 Nbd7 8. Ng5 Bxg2 9. Kxg2 Qb8 10. d5 Qb7 11. c4 b5 12. Qc2 g6 13. Ne6 Nxd5 14. cxd5 Qxd5+ 15. e4 Qxe6 16. Bxh8 Qxe4+ 17. Qxe4 fxe4 18. Bb2 d5 19. Nc3 Bg7 20. Rab1 Bxc3 21. Bxc3 d4 22. Bd2 Ne5 23. Rfd1 Kd7 24. Rbc1 Nd3 25. Rc2 Kd6 26. Be1 Rf8 27. Re2 Kd5 28. Rxd3 exd3 29. Rxe7 c4 30. Rd7+ Kc5 31. b4+ Kc6 32. Rxd4 Re8 33. Kf1 Re2 34. a4 a6 35. a5 Re6 36. Bd2 Re2 37. Be1 Re5 38. h4 g5 39. hxg5 Rxg5 40. Bd2 Re5 41. Rd8 Re2 42. Be1 Re7 43. f4 Rd7 44. Rxd7 Kxd7 45. Kf2 Ke6 46. Kf3 Kf5 47. g4+ Ke6 48. Ke4 Kd6 49. f5 Ke7 50. g5 Kd6 51. Bc3 Ke7 52. Kd5 Kd7 53. Kc5 Kc7 54. g6 hxg6 55. fxg6 Kd7 56. g7 1-0